00458 a2200109 4500001001000000005001700010008004100027245016200068100002700230700002300257773006800280ART_3902320260410161804.0260409a 10aLa polémica en torno a la ejecución de honorarios desarrollados con posterioridad a la presentación concursal, respecto de créditos de causa anterior1 aJunyent Bas, Francisco1 aIzquierdo, Silvina0 tDoctrina Societaria y Concursalg- Nº 322 (sep. 2014)wREV4298